000 00752nam a22002297a 4500
003 UA-OsUOA
001 34865
007 ta
008 20051027b un ||||| |||| 00| 0 ukr d
090 _a349.49(477)(094.4)
_bН34
942 _cBK
040 _aUA-OsUOA
_bukr
_cUA-OsUOA
_dUA-OsUOA
245 _aНауково-практичний коментар земельного кодексу України
_cза заг ред. Медведчука
300 _a656 с.
955 _a2
041 _aukr
080 _a349.49(477)(094.4)
020 _a966-667-127-1
260 _aК.
_bЮрінком
_c2004
650 7 _a349.4 Земельне право. Право планування населенних пунктів
_2UDC
999 _c321258
_d321258